| 000 | 01397nam0a2200313 4500 | ||
|---|---|---|---|
| 001 | RU\NLR\BIBL_A\022534895 | ||
| 005 | 20260420044031.0 | ||
| 010 |
_a978-5-6052377-1-6 _9500 |
||
| 021 |
_aRU _bКН-П-25-014751 _9КН-П-25-1498 |
||
| 035 | _a(NLR Aleph) 022534895 | ||
| 090 |
_a13672145 _c13672145 |
||
| 100 | _a20250505d2024 k y0rusy50 ca | ||
| 101 | 0 | _arus | |
| 102 | _aRU | ||
| 105 | _aagh z 000yy | ||
| 181 | 0 |
_ai3 _baxxe |
|
| 182 | 0 | _an | |
| 200 | 1 |
_aПути развития традиционной музыкальной культуры Нижегородского края _eмонография _fХарлов А. В. |
|
| 203 |
_aТекст _bвизуальный _cнепосредственный |
||
| 210 |
_aНижний Новгород _cПечатная Мастерская "Радонеж" _d2024 |
||
| 215 |
_a410, [1] с. _cил., ноты, факс., табл. _d20 |
||
| 320 | _aБиблиогр.: с. 345-384 (410 назв.) и в подстроч. примеч. | ||
| 606 | 1 |
_aМузыкальная культура _yНижегородская область _92675592 _3RU\NLR\AUTH\6601759447 |
|
| 686 | 1 | _aЩ313(2Р=Рус)8-699Нижегородская область | |
| 700 | 1 |
_aХарлов _bА. В. _gАндрей Владимирович |
|
| 942 | _cBOOK | ||
| 980 | _aNB | ||